Statistiques concernant Texte Ratatouille Mister V - (Il veut son goĂ»ter 🐀)

Cliquez ici pour prendre le quiz!

Statistiques générales

  • Ce quiz a Ă©tĂ© pris 38 fois
  • Le rĂ©sultat moyen est 184 sur 493

Statistiques - réponses

RĂ©ponse% Correct
m'
85%
t'
85%
a
81%
Ă 
81%
c'
81%
s'
81%
d'
77%
d’
77%
l'
77%
n'
73%
de
65%
de..
65%
es
65%
le
65%
RÉMY !
65%
RĂ©my
65%
RĂ©my,
65%
RĂ©my.
65%
RĂ©my !
65%
il
62%
lĂ ,
62%
la
62%
lĂ 
62%
lĂ .
62%
ce
58%
est..
58%
est
58%
j’
58%
je
58%
tu
58%
ça
54%
ça.
54%
cuisine
54%
cuisine,
54%
cuisine..
54%
cuisines.
54%
les,
54%
les
54%
et
50%
me
50%
on
50%
pas..
50%
pas
50%
qu’
50%
qu'
50%
rat
50%
sa
50%
se
50%
te
50%
un
50%
vous..
50%
vous,
50%
peu
46%
tĂȘte,
46%
avec
42%
du
42%
elle
42%
en
42%
gggoooûûûttteeerrr !!
42%
mais,
42%
mais !
42%
mais
42%
sur
42%
ta
42%
ai
38%
des
38%
par
38%
peut
38%
que
38%
qui
38%
son
38%
va
38%
bisous
35%
cuisiner,
35%
cuisiner
35%
fait
35%
hahaha.
35%
non.
35%
non ?
35%
non,
35%
nous
35%
oui,
35%
oui.
35%
veut
35%
veut,
35%
virer.
35%
virer,
35%
ami
31%
ba
31%
bon
31%
chef !
31%
chef
31%
crevé
31%
dents,
31%
fils
31%
lui
31%
mes
31%
moi
31%
mon
31%
ne
31%
patronne.
31%
ses
31%
si
31%
veux,
31%
au
27%
bavé,
27%
comme
27%
dans
27%
début,
27%
depuis
27%
jour
27%
dois
27%
ils
27%
merde,
27%
merde
27%
peux
27%
pour
27%
suis
27%
vais
27%
vie !
27%
voilĂ ,
27%
voilĂ .
27%
Alfredo,
23%
amis,
23%
as
23%
beaucoup
23%
copain
23%
coude.
23%
dégage
23%
dit
23%
Ă©coute
23%
fou
23%
frites ?
23%
gratte
23%
huile
23%
manches,
23%
mĂšre
23%
parce que
23%
parte !
23%
ratatouille
23%
tombée !
23%
tout
23%
une
23%
y'
23%
y’
23%
y
23%
ailleurs
19%
allons
19%
alors
19%
arrĂȘte !
19%
aussi
19%
avons
19%
bien
19%
blanche
19%
bonne
19%
capitale.
19%
clients
19%
cÎté
19%
cÎté,
19%
devenir ?
19%
dont
19%
enlĂšve,
19%
ĂȘtre
19%
faire
19%
gentil !
19%
hygiĂšne ?
19%
hygiĂšne
19%
journée !
19%
nom
19%
nos
19%
notre
19%
parler
19%
parler.
19%
passe
19%
passion
19%
pique !
19%
plus
19%
pu
19%
restaurant
19%
restaurant..
19%
retroussons
19%
romarin !
19%
sauce
19%
soupe
19%
temps
19%
tombes
19%
toute
19%
trĂšs
19%
veulent
19%
vos
19%
ah
15%
ah !
15%
aider
15%
aprĂšs
15%
attendent,
15%
aurait
15%
belle
15%
celle-ci ?
15%
celle-lĂ  ?
15%
chose
15%
Christian ?
15%
continuer
15%
cuisiniers
15%
entendu ?
15%
Ă©pice
15%
est-ce
15%
façon
15%
faut
15%
grĂące
15%
honnĂȘte
15%
instant
15%
Jean-Luc !
15%
juste,
15%
maman,
15%
meilleurs
15%
merci
15%
morte,
15%
parfait,
15%
Paris,
15%
pauvre
15%
pensé.
15%
puis
15%
raison.
15%
redeviendra
15%
service
15%
soir !
15%
taré,
15%
toi.
15%
travail !
15%
trouver
15%
vas
15%
vois
15%
vraiment
15%
animé
12%
appeler
12%
bavarder,
12%
besoin
12%
botte
12%
chagrin !
12%
cinq
12%
collĂšges,
12%
concertés
12%
correspond
12%
coup ?
12%
débarrasser
12%
dégager,
12%
dis-tu
12%
exactement
12%
fan-fan
12%
flics
12%
fred,
12%
Fred.
12%
garçon,
12%
gastronomie ?
12%
geule.
12%
gosse
12%
grosses
12%
lacunes
12%
malgré
12%
matiĂšre
12%
mauvaise
12%
mĂȘme..
12%
milieu
12%
minutes
12%
moyen
12%
penses-tu
12%
plaĂźt ?
12%
plutĂŽt
12%
puisse
12%
quelqu'un
12%
quoi.
12%
réalité
12%
regarde-le !
12%
secrĂšte
12%
serais
12%
serait
12%
simplement
12%
travailler
12%
voit
12%
voulait
12%
aaahhh,
8%
crever
8%
imagine
8%
obligé
8%
sens
8%
Souhaiteriez-vous
8%
tous
8%
yes !
8%
ok,
4%

Distribution des résultats

Percentile par nombre de réponses

% des personnes avec chaque résultat

Votre développement - résultats

Vous n’avez pas pris ce quiz